000 00591nam a2200229Ia 4500
003 OSt
005 20220918202143.0
006 a|||||r|||| 00| 0
007 ta
008 220917b |||||||| |||| 00| 0 eng d
024 _a99,154
037 _cTextual
040 _aARTS
_cARTS
_beng
041 _2eng
_aeng
082 _aV2:25xM97w, H8 (SL)
100 _aSharma Shri Ram ed
_9102481
245 0 _aNetaji
_b his life and works
260 _c1948
650 _aHISTORY
942 _hV2:25xM97w, H8 (SL)
_cTEXL
_2CC
999 _c222730
_d222730